Citlivosť ekonomík EÚ na vývoj cien energií bakalárska práca

Guardado en:
Detalles Bibliográficos
Autor principal: Francuzová, Andrea
Autor Corporativo: Národohospodárska fakulta EU. Katedra hospodárskej politiky
Otros Autores: Habrman, Michal
Formato: Libro
Lenguaje:eslovaco
Publicado: Bratislava 2014
Etiquetas: Agregar Etiqueta
Sin Etiquetas, Sea el primero en etiquetar este registro!

MARC

LEADER 00000nbm a2200000 4500
001 0189445
005 20170201085445.0
041 0 |a slo 
044 |a SK 
245 1 0 |a Citlivosť ekonomík EÚ na vývoj cien energií  |b bakalárska práca  |c Andrea Francuzová ; školiteľ: Michal Habrman 
264 1 |a Bratislava  |c 2014 
300 |a 39 s. 
100 1 |a Francuzová, Andrea 
700 1 |a Habrman, Michal 
710 2 |a Národohospodárska fakulta EU. Katedra hospodárskej politiky